| 000 | 00550nam a2200145Ia 4500 | ||
|---|---|---|---|
| 008 | 151213s9999 xx 000 0 und d | ||
| 100 | _aমু: মঈনুল হাসান। | ||
| 245 |
_aহযরত ওমর ফারুক রা: । _cমু: মঈনুল হাসান। |
||
| 260 |
_aঢাকা _bসিদ্দিকিয়া পাবলিকেশ¯œ । _c2003 |
||
| 300 | _a10981 p. | ||
| 650 | _aBangla | ||
| 650 | _aইসলামী বই | ||
| 700 | _aমু: মঈনুল হাসান। | ||
| 999 |
_c4953 _d4953 |
||